| 000 | 01071nam a22003017a 4500 | ||
|---|---|---|---|
| 001 | 7575 | ||
| 003 | FISKH | ||
| 005 | 20250724114134.0 | ||
| 008 | 250724b cb ||||| |||| 00| 0 eng d | ||
| 020 | _a9780531224373 | ||
| 040 |
_aFISKH _beng _cFISKH _dFISKH |
||
| 050 | _aQC178 .R66 | ||
| 082 | _a531.14 | ||
| 100 | _aRooney, Anne | ||
| 245 |
_aYou wouldn't wnat to live without gravity ! / _cWritten by Anne Rooney : Illustrated by Mark Bergin |
||
| 260 |
_aNew York : _bScholastic , _c2016. |
||
| 300 |
_a32 pages : _bcolor illustrations ; _c24 cm . |
||
| 490 | _aYou Wouldn't Want to ( Live without ) | ||
| 505 | _aR | ||
| 520 | _aExplains the principles of gravity, discussing the effect that gravity has on the Earth and on the human body and the consequences when gravity is either increased or decreased. | ||
| 521 | 8 |
_a780
_bLexile estimate |
|
| 521 | 8 |
_aR
_bRaz-Plus |
|
| 650 |
_aEarth science _vNon-fiction |
||
| 650 |
_aGravity _vNon-fiction |
||
| 700 |
_aBergin, Mark _eIllustrator |
||
| 942 |
_2ddc _cBK _n0 |
||
| 999 |
_c7575 _d7575 |
||